000 00990nam a2200241 4500
001 143095
003 ES-MaACL
005 20230906200725.0
007 t|
008 070214s1973 sp r ||||1| spa d
020 _a84-248-0087-7
080 _a572.9(=916.9)(063)
080 _a008(=916.9)(063)
111 2 _aSemana Internacional de Antropología Vasca (
_n2ª.
_d1971.
_cBilbao)
_9173774
245 1 0 _aSegunda Semana Internacional de Antropología Vasca :
_b: contiene cinco conferencias, las tres mesas redondas y doce comunicaciones que se ofrecieron o desarrollaron a lo largo de la misma en abril de 1971.
260 _aBilbao :
_bLa Gran Enciclopedia Vasca,
_c1973.
300 _a550 p., 10 lám. :
_bil. ;
_c23 cm.
546 _aTextos en castellano y vasco.
650 4 _aVascos-
_vCongresos y asambleas.
_9173775
650 4 _aAntropología cultural y social-
_zPaís Vasco.
_99885
650 4 _aAntropología física-
_zPaís Vasco.
_9172391
852 4 _aES-MaACL
_jE-7827
999 _c143095
_d143095